[Event "34th Olympiad Women"]
[Site "Istanbul TUR"]
[Date "2000.11.04"]
[Round "7"]
[White "Muller,A"]
[Black "Djingarova,E"]
[Result "0-1"]
[WhiteElo "2135"]
[BlackElo "2263"]

1.e4 c5 2.Nc3 Nc6 3.Nf3 e6 4.d4 cxd4 5.Nxd4 Qc7 6.Be3 a6 7.Bd3 b5 8.Nxc6 dxc6
9.f4 e5 10.O-O Nf6 11.Kh1 Ng4 12.Bd2 exf4 13.Bxf4 Bd6 14.e5 Bxe5 15.Qe2 O-O
16.Rae1 Bxf4 17.Qe4 Nf6 18.Qxf4 Qxf4 19.Rxf4 Be6 20.Kg1 Rad8 21.a4 Rfe8 22.h3 Rb8
23.axb5 axb5 24.Ra1 Nd5 25.Nxd5 Bxd5 26.Kf2 g6 27.g4 Ra8 28.Rxa8 Rxa8 29.h4 Ra2
30.Rb4 h6 31.g5 Kg7 32.Kg3 Ra1 33.b3 Rg1+ 34.Kf4 hxg5+ 35.hxg5 Be6 36.Be2 Rh1
37.Kg3 Rh3+ 38.Kg2 Rc3 39.Bd3 Rc5 40.c4 Rxg5+ 41.Kf3 Rh5 42.cxb5 cxb5 43.Rxb5 Rxb5
44.Bxb5 Bxb3 45.Be8 f5 46.Bb5 Kf6 47.Bd3 g5 48.Be2 Ke5 49.Kg3 Be6 50.Bh5 Ke4
51.Kf2 Kf4 52.Be8 Bd5 53.Bd7 Be4 54.Bc8 g4 55.Be6 g3+ 56.Kf1 Ke5  0-1

[Event "34th Olympiad"]
[Site "Istanbul TUR"]
[Date "2000.11.04"]
[Round "7"]
[White "Mahjoob,M"]
[Black "Cramling,P"]
[Result "0-1"]
[WhiteElo "2337"]
[BlackElo "2484"]

1.e4 c5 2.Nf3 e6 3.d4 cxd4 4.Nxd4 Nc6 5.Nc3 Qc7 6.Be3 a6 7.Bd3 Nf6 8.O-O Ne5
9.h3 Bc5 10.Qe2 d6 11.f4 Ng6 12.Kh1 Bd7 13.Nb3 Bxe3 14.Qxe3 O-O 15.Rad1 Bc6
16.Nd4 Qb6 17.e5 dxe5 18.fxe5 Nd7 19.Bxg6 fxg6 20.Rfe1 Rae8 21.Nxc6 Rf1+
22.Kh2 Rxe1 23.Qxe1 Qxc6 24.Rd6 Qc7 25.Qe3 Nb8 26.Qb6 Qe7 27.Ne4 Nc6 28.Nc5 Qg5
29.Nd3 Qe7 30.Nc5 Qh4 31.Nd3 Qe7 32.b4 h5 33.Rxc6 bxc6 34.Qxc6 Kh7 35.Qxa6 Qc7
36.Qb5 Rc8 37.Qa6 Qxc2 38.Qxe6 Rd8 39.Ne1 Qd2 40.Nf3 Qf4+ 41.Kg1 Rd1+ 42.Kf2 Rd2+
43.Kf1 Rb2 44.Qe7 Qc1+ 45.Ne1 Qc4+ 46.Kg1 Qd4+  0-1

[Event "34th Olympiad"]
[Site "Istanbul TUR"]
[Date "2000.11.04"]
[Round "7"]
[White "Renaud,K"]
[Black "Allen,D"]
[Result "1/2-1/2"]
[WhiteElo "2115"]
[BlackElo "2250"]

1.e4 c5 2.Nf3 Nc6 3.d4 e6 4.Nc3 cxd4 5.Nxd4 Nf6 6.Bf4 Bb4 7.Nb5 e5 8.Bg5 d6
9.Bxf6 gxf6 10.a3 Bc5 11.Nd5 O-O 12.Qf3 f5 13.exf5 Qg5 14.Bd3 a6 15.h4 Qh6
16.Nbc7 Rb8 17.g4 Qg7 18.Qe4 Bd7 19.g5 Kh8 20.Rb1 Nd4 21.Qg4 Rbc8 22.h5 f6
23.g6 h6 24.O-O Ba7 25.c3 Nb3 26.Rbd1 Nc5 27.Ne6 Bxe6 28.fxe6 Nxd3 29.Rxd3 f5
30.Qh3 f4 31.e7 Rfe8 32.Qe6  1/2-1/2

[Event "Chigorin Mem"]
[Site "St Petersburg RUS"]
[Date "2000.11.04"]
[Round "4"]
[White "Olenin,N"]
[Black "Fominyh,A"]
[Result "0-1"]
[WhiteElo "2408"]
[BlackElo "2594"]

1.e4 c5 2.Nf3 Nc6 3.d4 cxd4 4.Nxd4 e6 5.Nc3 Qc7 6.Be3 a6 7.Bd3 Nf6 8.O-O Bd6
9.f4 Bc5 10.Nf5 Bxe3+ 11.Nxe3 d6 12.Kh1 b6 13.Ng4 Nxg4 14.Qxg4 O-O 15.Rf3 Ra7
16.Rh3 f6 17.a3 b5 18.e5 f5 19.Qh4 h6 20.exd6 Qxd6 21.Rd1 Rd7 22.Be2 Qc7
23.Rxd7 Bxd7 24.Rd3 Rd8 25.Bh5 Bc8 26.Rxd8+ Nxd8 27.Qf2 Bb7 28.Qe3 Qd6 29.Kg1 Kf8
30.h4 Ke7 31.Kf2 Nc6 32.Bf3 Na5 33.Bxb7 Nxb7 34.g3 Nc5 35.b4 Nd7 36.a4 bxa4
37.Nxa4 Qxb4 38.Nc3 Qc4 39.Ke1 Kf7 40.Kd2 Nf6 41.Qd3 Qc6 42.Qd4 Qg2+ 43.Kc1 Qxg3
44.Kb2 Qxh4 45.Qa7+ Kg6 46.Qxa6 Qxf4 47.Qxe6 Qb4+ 48.Qb3 Qxb3+ 49.cxb3 h5
50.b4 h4 51.b5 h3 52.Nd1 Ng4 53.b6 h2 54.b7 h1=Q 55.b8=Q Qxd1 56.Qe8+ Kg5
57.Qe7+ Kh6  0-1

[Event "Chigorin Mem"]
[Site "St Petersburg RUS"]
[Date "2000.11.04"]
[Round "4"]
[White "Berelovich,A"]
[Black "Kozlov,Vi"]
[Result "1/2-1/2"]
[WhiteElo "2517"]
[BlackElo "2392"]

1.e4 c5 2.Nf3 e6 3.d4 cxd4 4.Nxd4 Nc6 5.Nc3 Qc7 6.g3 d6 7.Bg2 Nf6 8.Bg5 a6
9.Bxf6 gxf6 10.Nde2 Bh6 11.O-O Bd7 12.Nc1 Bf8 13.Nd3 Be7 14.Ne2 O-O 15.Nef4 Kh8
16.c4 Rg8 17.Rc1 Ne5 18.Qd2 Rac8 19.b3 Be8 20.Rfd1 Qb6 21.Qb2 Qa5 22.c5 Nxd3
23.Nxd3 dxc5 24.b4 Qb6 25.Nxc5 a5 26.a3 axb4 27.axb4 Kg7 28.Qc3 Bc6 29.Qd4 Qd8
30.Qe3 Qe8 31.Bf1 b6 32.Nd3 Bb5 33.Rxc8 Qxc8 34.Qxb6 Qb8 35.Qe3 Bxd3 36.Rxd3 Qxb4  1/2-1/2

[Event "Chigorin Mem"]
[Site "St Petersburg RUS"]
[Date "2000.11.04"]
[Round "4"]
[White "Sinkevich,P"]
[Black "Vager,I"]
[Result "1/2-1/2"]
[WhiteElo "2312"]
[BlackElo "2174"]

1.e4 c5 2.Nf3 e6 3.d4 cxd4 4.Nxd4 Nc6 5.Nc3 Nf6 6.Ndb5 Bb4 7.a3 Bxc3+ 8.Nxc3 d5
9.exd5 Nxd5 10.Nxd5 exd5 11.Bd3 Qh4 12.O-O O-O 13.Qf3 Be6 14.Bf4 Rfe8 15.Rfe1 Rad8
16.h3 Qf6 17.Qg3 h6 18.b4 Ne7 19.Rad1 Ng6 20.Bc7 Ra8 21.Re3 Qg5 22.Qh2 Bf5
23.Rg3 Qh5 24.Rf1 Rec8 25.Bxf5 Qxf5 26.Rd3 Qd7 27.Bd6 Rxc2 28.Rxd5 Qe6 29.Rc5 Rd2
30.Bb8 b6 31.Rc3 Qe8 32.Bc7 Rc8 33.Re3 Qd7 34.Be5 Rd1 35.Ree1 Rcc1 36.Bc3 Rxe1
37.Bxe1 Qd3 38.Qb8+ Kh7 39.Qg3 Qxg3 40.fxg3 f6 41.Bf2 Rc2 42.Bd4 Rd2 43.Bc3 Rc2
44.Bd4 Rd2  1/2-1/2

[Event "Chigorin Mem"]
[Site "St Petersburg RUS"]
[Date "2000.11.05"]
[Round "5"]
[White "Melnikov,D"]
[Black "Bocharov,D"]
[Result "0-1"]
[WhiteElo "2256"]
[BlackElo "2438"]

1.e4 c5 2.Nf3 e6 3.Nc3 Nc6 4.d4 cxd4 5.Nxd4 a6 6.g3 Qc7 7.Bg2 Nf6 8.O-O Nxd4
9.Qxd4 Bc5 10.Qd3 d6 11.Na4 Ba7 12.Bf4 e5 13.Bg5 Nd7 14.Nc3 h6 15.Nd5 Qb8
16.Bd2 Nc5 17.Qc3 Be6 18.b4 Na4 19.Qb3 b5 20.c4 O-O 21.Rac1 Nb6 22.c5 dxc5
23.bxc5 Nc4 24.Rxc4 bxc4 25.Qxc4 Rc8 26.Bb4 Kh8 27.Rc1 Rc6 28.Ba3 Qf8 29.Qa4 Rac8
30.Bf1 Bxc5 31.Bxa6 Rxa6 32.Qxa6 Bxa3 33.Rxc8 Bxc8 34.Qb5 Bh3 35.f4 Qc8  0-1

[Event "Chigorin Mem"]
[Site "St Petersburg RUS"]
[Date "2000.11.05"]
[Round "5"]
[White "Frolov,D"]
[Black "Rychagov,A"]
[Result "0-1"]
[WhiteElo "2447"]
[BlackElo "2510"]

1.e4 c5 2.Nf3 e6 3.d4 cxd4 4.Nxd4 Nc6 5.Nc3 Qc7 6.Be3 a6 7.Bd3 Nf6 8.O-O Ne5
9.h3 Bc5 10.f4 d6 11.Bf2 Ng6 12.Qf3 O-O 13.f5 Ne5 14.Qg3 Bd7 15.Rad1 b5 16.Nb3 Bxf2+
17.Rxf2 b4 18.Ne2 Qb6 19.fxe6 fxe6 20.Rf1 Rf7 21.Nbd4 Raf8 22.Qe3 a5 23.Nf5 Qc7
24.Nxg7 Qc5 25.Qh6 Nfg4 26.Nxe6 Bxe6 27.hxg4 Rxf2 28.Qxe6+ Kh8  0-1

[Event "Chigorin Mem"]
[Site "St Petersburg RUS"]
[Date "2000.11.05"]
[Round "5"]
[White "Fedorchuk,S"]
[Black "Shaposhnikov,E"]
[Result "1/2-1/2"]
[WhiteElo "2408"]
[BlackElo "2544"]

1.e4 c5 2.Nf3 e6 3.d4 cxd4 4.Nxd4 Nc6 5.Nc3 Qc7 6.Be2 Nf6 7.O-O a6 8.Kh1 Nxd4
9.Qxd4 Bd6 10.Qd3 O-O 11.f4 Be7 12.Qg3 d5 13.e5 Ne4 14.Nxe4 dxe4 15.c3 Bd7
16.Be3 f5  1/2-1/2

[Event "34th Olympiad"]
[Site "Istanbul TUR"]
[Date "2000.11.06"]
[Round "9"]
[White "Kovalev,A"]
[Black "Rahman,Zia"]
[Result "1-0"]
[WhiteElo "2537"]
[BlackElo "2421"]

1.e4 c5 2.Nf3 Nc6 3.Nc3 e6 4.d4 cxd4 5.Nxd4 Qc7 6.Be2 a6 7.O-O Nf6 8.Kh1 Bb4
9.Nxc6 bxc6 10.f4 Bxc3 11.bxc3 c5 12.Bf3 Bb7 13.e5 Nd5 14.c4 Ne7 15.Rb1 Bxf3
16.Qxf3 Ra7 17.Qa3 O-O 18.Bd2 Qc6 19.Ba5 Rc8 20.Rb6 Qe4 21.Qd3 Qxd3 22.cxd3 f6
23.Bc3 Kf7 24.Kg1 Nc6 25.Kf2 Ke7 26.Ke3 Raa8 27.exf6+ gxf6 28.Rf3 Rf8 29.Rh3 Rf7
30.g4 Kd8 31.Rh6 Kc7 32.Rb2 Rg8 33.h3 f5 34.g5 Rg6 35.h4 d5 36.Be5+ Nxe5
37.fxe5 Rfg7 38.Rxg6 hxg6 39.cxd5 exd5 40.h5 gxh5 41.Kf4 h4 42.Rh2 Kc6 43.Rxh4 c4
44.dxc4 dxc4 45.Kxf5 Kd5 46.e6 c3 47.Kf6 c2 48.Rh1 Rh7 49.Rc1 Rh2 50.e7 Rf2+
51.Kg6 Re2 52.Rxc2 Rxe7 53.Rd2+  1-0

[Event "34th Olympiad"]
[Site "Istanbul TUR"]
[Date "2000.11.06"]
[Round "9"]
[White "Rowson,J"]
[Black "Wu Shaobin"]
[Result "0-1"]
[WhiteElo "2494"]
[BlackElo "2523"]

1.e4 c5 2.Nf3 e6 3.d4 cxd4 4.Nxd4 Nc6 5.Nc3 Qc7 6.g3 a6 7.Bg2 d6 8.O-O Bd7
9.a4 Nf6 10.Nxc6 Bxc6 11.a5 Be7 12.Be3 Rc8 13.Re1 Nd7 14.Bd4 O-O 15.Nd5 Bxd5
16.exd5 e5 17.Bc3 f5 18.Rc1 Bg5 19.Bd2 Bxd2 20.Qxd2 e4 21.g4 g6 22.gxf5 gxf5
23.Re3 Ne5 24.c4 Kh8 25.Kh1 Qg7 26.Rg3 Qf6 27.Bf1 f4 28.Rg2 Rg8 29.Qd4 Rxg2
30.Bxg2 f3 31.Bf1 Rg8 32.Re1 Qg5 33.Bh3 Qh4 34.Bf1 Qg4  0-1

[Event "34th Olympiad"]
[Site "Istanbul TUR"]
[Date "2000.11.06"]
[Round "9"]
[White "Adams,Mi"]
[Black "Stefansson,H"]
[Result "1-0"]
[WhiteElo "2755"]
[BlackElo "2557"]

1.e4 c5 2.Nf3 Nc6 3.d4 cxd4 4.Nxd4 e6 5.Nc3 Qc7 6.f4 a6 7.Nxe6 dxe6 8.Bd3 b5
9.Qe2 Bb7 10.Bd2 Be7 11.a3 Rc8 12.O-O Nf6 13.e5 Nd5 14.Ne4 f5 15.exf6 Nxf6
16.Ng5 O-O 17.Kh1 Bc5 18.Rae1 Bd4 19.Bc1 Rce8 20.c3 Ba7 21.Qc2 h6 22.Nf3 Qd6
23.Bg6 Re7 24.Nh4 e5 25.Bf5 Ree8 26.Ng6 exf4 27.Re7  1-0

[Event "34th Olympiad Women"]
[Site "Istanbul TUR"]
[Date "2000.11.06"]
[Round "9"]
[White "Dhar,S"]
[Black "Koglin,A"]
[Result "1/2-1/2"]
[WhiteElo "2212"]
[BlackElo "2302"]

1.e4 c5 2.Nf3 e6 3.d4 cxd4 4.Nxd4 Nc6 5.Nc3 Qc7 6.Be2 a6 7.O-O Nf6 8.Be3 Bb4
9.Na4 Be7 10.Nxc6 bxc6 11.Nb6 Rb8 12.Nxc8 Qxc8 13.e5 Nd5 14.Bc1 Bc5 15.c4 Ne7
16.b3 Qc7 17.Bb2 d6 18.exd6 Bxd6 19.Qd4 Bxh2+ 20.Kh1 c5 21.Qe4 Qf4 22.Qxf4 Bxf4
23.Bxg7 Rg8 24.Bc3 Nc6 25.Rad1 Ke7 26.Bf3 Be5 27.Bxc6 Bxc3 28.Rd7+ Kf6 29.Rfd1 Rb6
30.Be4 Bd4 31.Rd3 Ke5 32.Bxh7 Rg7 33.f4+ Kxf4 34.Rf3+ Ke5 35.Rdxf7 Rb7 36.Rxb7 Rxb7
37.Bc2 Rg7 38.g3 Rg8 39.Kg2 a5 40.Rf4 Rh8 41.Rf7 Rh6 42.Rf4 Rf6 43.Rxf6  1/2-1/2

[Event "34th Olympiad"]
[Site "Istanbul TUR"]
[Date "2000.11.06"]
[Round "9"]
[White "Barua,D"]
[Black "Mohr,G"]
[Result "1-0"]
[WhiteElo "2502"]
[BlackElo "2492"]

1.e4 c5 2.Nf3 Nc6 3.Nc3 e6 4.d4 cxd4 5.Nxd4 Nf6 6.Be2 Bb4 7.Qd3 d5 8.exd5 Nxd5
9.Nxc6 bxc6 10.Qc4 O-O 11.O-O a5 12.Nd1 Ba6 13.Qe4 Bxe2 14.Qxe2 Qh4 15.Ne3 Bd6
16.h3 Nxe3 17.Bxe3 Qe4 18.Rad1 Rfd8 19.b3 a4 20.g3 axb3 21.cxb3 Bc5 22.Rxd8+ Rxd8
23.Rd1 Re8 24.Rd3 Bxe3 25.Rxe3 Qb1+ 26.Kg2 Rd8 27.Rc3 Rd1 28.Qc2 Rg1+ 29.Kf3 Qf1
30.Rxc6 f5 31.Rxe6 Qg2+ 32.Kf4 h6 33.Re8+ Kf7 34.Re2 g5+ 35.Ke5 Kg7 36.Qc7+ Kg6
37.Qd6+ Kh5 38.Qd5 Qxd5+ 39.Kxd5 Rh1 40.Ke5 Kg6 41.a4 Rxh3 42.a5 f4 43.a6 fxg3
44.fxg3  1-0

[Event "34th Olympiad Women"]
[Site "Istanbul TUR"]
[Date "2000.11.06"]
[Round "9"]
[White "Zatonskih,A"]
[Black "Velcheva,M"]
[Result "1-0"]
[WhiteElo "2446"]
[BlackElo "2302"]

1.e4 c5 2.Nf3 e6 3.d4 cxd4 4.Nxd4 Nc6 5.Nc3 Qc7 6.Be3 a6 7.Be2 b5 8.O-O Bb7
9.a3 Nf6 10.Kh1 Rc8 11.f4 Nxd4 12.Qxd4 Bc5 13.Qxc5 Qxc5 14.Bxc5 Rxc5 15.e5 Ne4
16.Bf3 d5 17.Bxe4 dxe4 18.Kg1 f6 19.Rae1 f5 20.Rd1 Ke7 21.Rd6 Rd8 22.Rfd1 Rxd6
23.Rxd6 Bc6 24.g3 a5 25.Rd4 h6 26.Kf2 g5 27.Ke3 g4 28.Kd2 Bb7 29.Rd6 Bc6
30.Nd1 Rd5+ 31.Rxd5 Bxd5 32.Kc3 Kd7 33.Kd4 Kc6 34.Ne3 a4 35.Nf1 Kb6 36.Nd2 Kc6
37.Nb1 Kb6 38.Nc3 Bc6 39.Nd1 Bd5 40.Ne3 Kc6 41.b3 Kb6 42.bxa4 bxa4 43.Nd1 Bc6
44.Kc4 Bb5+ 45.Kb4 Bd7 46.Ne3 Bb5 47.c4 Bd7 48.Nc2 Bc6 49.Nd4 Bd7 50.c5+ Kc7
51.c6 Bxc6 52.Nxe6+ Kd7 53.Nd4 e3 54.Kc3 Be4 55.Ne2 Kc6 56.Kd4 Kb5 57.Nc3+ Kc6
58.Kxe3 Bc2 59.Kd4 Bb3 60.Ne2 Be6 61.Nc1 Bf7 62.Nd3 Bb3 63.Nc5 Bc2 64.Kc4 Bd1
65.Kb4 Kd5 66.Nxa4  1-0

[Event "34th Olympiad"]
[Site "Istanbul TUR"]
[Date "2000.11.06"]
[Round "9"]
[White "Ahmad,Az"]
[Black "Van der Nat,N"]
[Result "1-0"]
[WhiteElo "2343"]
[BlackElo "2160"]

1.e4 c5 2.Nf3 Nc6 3.d4 cxd4 4.Nxd4 e6 5.Nc3 Qc7 6.Be3 a6 7.Bd3 Nf6 8.O-O Bd6
9.Nxc6 dxc6 10.f4 e5 11.f5 b5 12.a4 b4 13.Nb1 c5 14.Nd2 Bb7 15.Qf3 h5 16.Nc4 Ng4
17.Bd2 Bc6 18.b3 Qd8 19.h3 Nf6 20.Rad1 Bc7 21.Rfe1 Nd7 22.Qg3 Rg8 23.Bg5 f6
24.Be3 Qe7 25.Nd2 g5 26.fxg6 Qg7 27.Be2 Bb6 28.Nc4 Bc7 29.Nd2 Bb6 30.Qh4 Rh8
31.Nc4 Qxg6 32.Rxd7 Bxd7 33.Nxb6 Rd8 34.Nd5 Rc8 35.Nxf6+ Ke7 36.Ng8+ Kd6
37.Ne7  1-0

[Event "Chigorin Mem"]
[Site "St Petersburg RUS"]
[Date "2000.11.06"]
[Round "6"]
[White "Sinkevich,P"]
[Black "Tunik,G"]
[Result "1/2-1/2"]
[WhiteElo "2312"]
[BlackElo "2436"]

1.e4 c5 2.Nf3 e6 3.d4 cxd4 4.Nxd4 Nc6 5.Nc3 Qc7 6.Ndb5 Qb8 7.a4 Nf6 8.Bd3 a6
9.Na3 d5 10.exd5 exd5 11.O-O Be7 12.h3 O-O 13.Re1 Be6 14.Ne2 Bd6 15.c3 Ne4
16.Bxe4 dxe4 17.Nd4 Nxd4 18.cxd4 Bd5 19.Nc2 Qd8 20.Ne3 Bb4 21.Bd2 Bb3 22.Qxb3 Bxd2
23.Red1 Bxe3 24.fxe3 Rb8 25.Rf1 b5 26.axb5 Rxb5 27.Qc2 Qb6 28.Qxe4 Rxb2 29.Rab1 Rxb1
30.Rxb1 Qd6 31.Ra1 g6 32.Qb7 Qg3 33.Qf3 Qd6 34.Qb7 Qe6 35.Ra3 a5 36.Qb3 Qxb3
37.Rxb3 Ra8 38.e4 a4 39.Ra3 f5 40.Kf2 fxe4 41.Ke3 Kf7 42.Kxe4 Ke6 43.d5+ Kd6
44.Kd4 g5 45.Ke4 h6 46.Kd4 Rf8 47.g3 Ra8 48.Ke4 Ra5 49.h4 gxh4 50.gxh4 h5
51.Ra1 a3 52.Ra2 Ke7 53.Ke5 Kd7 54.Kf6 Kd6 55.Kg6 Kxd5 56.Kxh5 Kc4+ 57.Kg6 Kb3
58.Rh2 a2 59.Rh1 a1=Q 60.Rxa1 Rxa1  1/2-1/2

[Event "Chigorin Mem"]
[Site "St Petersburg RUS"]
[Date "2000.11.06"]
[Round "6"]
[White "Firman,N"]
[Black "Kochyev,A"]
[Result "1-0"]
[WhiteElo "2361"]
[BlackElo "2422"]

1.e4 c5 2.Nf3 e6 3.d4 cxd4 4.Nxd4 Nc6 5.Nc3 a6 6.Nxc6 bxc6 7.Bd3 d6 8.O-O Nf6
9.Qe1 Be7 10.Na4 O-O 11.Be3 c5 12.c4 Bb7 13.Bf4 Ng4 14.Rd1 Bf6 15.Be2 Ne5
16.Nxc5 Bc6 17.Nd3 Ng6 18.Bg3 Bxe4 19.c5 d5 20.b4 Qd7 21.Rc1 Qa4 22.c6 Bxd3
23.Bxd3 Qxa2 24.c7 Rfc8 25.Rc6 Qa4 26.Rb6 Bd4 27.Rb8 Ne7 28.Qe2 g6 29.Rc1 e5
30.Bxe5 Bxe5 31.Qxe5 Qa3 32.Re1 Qxd3 33.Rxa8 Rxa8 34.Qxe7 Qc3 35.Qd8+ Kg7
36.Rd1 Qc6 37.h4 Qb7 38.Rxd5 Rc8 39.Rd7 a5 40.Qe7 Rf8 41.Rd8  1-0

[Event "Chigorin Mem"]
[Site "St Petersburg RUS"]
[Date "2000.11.06"]
[Round "6"]
[White "Guliev,L"]
[Black "Taranenko,O"]
[Result "1-0"]
[WhiteElo "2379"]
[BlackElo "2195"]

1.e4 c5 2.Nf3 e6 3.d4 cxd4 4.Nxd4 Nc6 5.Nc3 d6 6.Be3 Be7 7.Be2 Nf6 8.f4 O-O
9.Bf3 Qc7 10.Qe2 Nxd4 11.Bxd4 e5 12.Be3 exf4 13.Bxf4 Be6 14.O-O Bc4 15.Qd2 Bxf1
16.Rxf1 Rac8 17.Kh1 Rfe8 18.Be2 Qb6 19.b3 Qa5 20.Bc4 a6 21.a4 Rc5 22.Qd3 Rh5
23.Nd5 Nxd5 24.Bxd5 Bf6 25.c4 Qc7 26.Bxd6 Qd8 27.Bf4 Rf8 28.Qf3 g6 29.g4 Rxd5
30.cxd5 Bg5 31.Bg3 Qb6 32.e5 Qc5 33.h4 Bd8 34.d6 Qc8 35.Bf4 Qe6 36.Kh2 Bb6
37.Rc1 Bd4 38.Rc7 Bxe5 39.Re7 Qxd6 40.Rxe5 Qa3 41.Re2 b5 42.Bh6  1-0

[Event "FSIM November"]
[Site "Budapest HUN"]
[Date "2000.11.07"]
[Round "4"]
[White "Rajlich,V"]
[Black "Nemeth,Z"]
[Result "0-1"]
[WhiteElo "2209"]
[BlackElo "2308"]

1.e4 c5 2.Nf3 e6 3.d4 cxd4 4.Nxd4 Nc6 5.Nc3 Qc7 6.f4 a6 7.Nxc6 Qxc6 8.Bd3 b5
9.Qe2 Bb4 10.O-O Bb7 11.Nd5 Bc5+ 12.Be3 Ne7 13.Nxe7 Bxe7 14.Bd4 Bc5 15.Qf2 Rc8
16.Rae1 Bxd4 17.Qxd4 Qc5 18.Qxc5 Rxc5 19.e5 g6 20.Rf2 Ke7 21.Be4 Bxe4 22.Rxe4 Rhc8
23.Ree2 b4 24.Rd2 R8c6 25.Rfe2 Rc4 26.g3 a5 27.Kf2 h6 28.h4 Rc8 29.Ke3 R4c5
30.Kd3 g5 31.hxg5 hxg5 32.Re4 gxf4 33.gxf4 f6 34.Rh2 Rd5+ 35.Rd4 Rxd4+ 36.Kxd4 fxe5+
37.fxe5 Rc6 38.c4 bxc3 39.Rh7+ Kd8 40.bxc3 Kc7 41.c4 Rb6 42.Rh3 Rb1 43.Kc5 Re1
44.Rh5 a4 45.Kb4 Re4 46.Kxa4 Rxc4+ 47.Kb5 Rd4 48.a4 Rd5+ 49.Kb4 Kc6 50.Kc4 Kb6
51.Rh7 Kc7 52.Rh5 Kc6 53.Rg5 d6 54.Rh5 dxe5 55.Rh4 Rd1 56.Re4 Rc1+ 57.Kd3 Kd5
58.Rb4 Rd1+ 59.Ke3 Re1+ 60.Kd3 e4+ 61.Kd2 Ra1 62.Rb5+ Kd4 63.a5 Ra2+ 64.Ke1 Ke3
65.Rb3+ Kf4 66.Rb6 Kf3 67.Rxe6 Rxa5  0-1

[Event "34th Olympiad"]
[Site "Istanbul TUR"]
[Date "2000.11.07"]
[Round "10"]
[White "Belotti,B"]
[Black "Sandler,L"]
[Result "1-0"]
[WhiteElo "2417"]
[BlackElo "2416"]

1.e4 c5 2.Nf3 e6 3.d4 cxd4 4.Nxd4 Nc6 5.Nc3 Qc7 6.Be2 a6 7.O-O Nf6 8.Kh1 Be7
9.f4 d6 10.Be3 O-O 11.Qe1 Bd7 12.Qg3 b5 13.e5 Ne8 14.Bd3 g6 15.f5 exf5 16.Nd5 Qd8
17.Bxf5 Bh4 18.Nf6+ Qxf6 19.exf6 Bxg3 20.Bxd7 Nxd4 21.Bxd4 Be5 22.Rad1 Rd8
23.Bxe5 dxe5 24.g4 g5 25.h4 gxh4 26.g5 Nc7 27.Rfe1 e4 28.Rxe4 Ne6 29.Rxh4 Nc5
30.Rhd4 Nxd7 31.Rxd7 Rc8 32.c3 Rc5 33.Rd8 Rc8 34.Rxc8 Rxc8 35.Rd6 h6 36.gxh6 a5
37.Rb6 Rc5 38.Kg2 Kh7 39.Kf3 Kxh6 40.Ke4 Kg5 41.Kd4 Rf5 42.b3 Kg6 43.c4 bxc4
44.bxc4 Rf2 45.a3 Rf4+ 46.Kd5 Rf5+ 47.Ke4 Rxf6 48.c5 Kg5 49.c6 Rf1 50.Ke5 Rc1
51.Kd6 Rd1+ 52.Ke7 f5 53.c7 Rc1 54.Kd7  1-0

[Event "34th Olympiad"]
[Site "Istanbul TUR"]
[Date "2000.11.07"]
[Round "10"]
[White "Baklan,V"]
[Black "Delchev,A"]
[Result "1-0"]
[WhiteElo "2599"]
[BlackElo "2557"]

1.e4 c5 2.Nf3 e6 3.d4 cxd4 4.Nxd4 Nc6 5.Nc3 Qc7 6.Be3 a6 7.Bd3 b5 8.f4 Bb7
9.Nb3 d6 10.O-O Nf6 11.Qf3 Be7 12.Qh3 Nb4 13.Rac1 Nd7 14.a3 Nxd3 15.cxd3 Qd8
16.f5 e5 17.Nd5 Bxd5 18.exd5 O-O 19.Rc6 a5 20.Rfc1 a4 21.Nd2 Rb8 22.Qf3 Nf6
23.g4 h6 24.h4 Ne8 25.Ne4 Bxh4 26.Bd2 Rb7 27.Kg2 Rd7 28.Qh3 g5 29.fxg6 fxg6
30.Rc8 Qe7 31.Bxh6 Ng7 32.Rxf8+ Kxf8 33.g5  1-0

[Event "ch-POL Semi-Finals Women"]
[Site "Polanczyk POL"]
[Date "2000.11.07"]
[Round "4"]
[White "Lukasiewicz,A"]
[Black "Blimke,D"]
[Result "1/2-1/2"]
[WhiteElo "2170"]
[BlackElo "2257"]

1.e4 c5 2.Nf3 e6 3.d4 cxd4 4.Nxd4 Nc6 5.Nc3 Qc7 6.Be2 a6 7.O-O Nf6 8.Kh1 Nxd4
9.Qxd4 Bc5 10.Qd3 b5 11.f4 Bb7 12.Bf3 O-O 13.e5 Ne8 14.Bxb7 Qxb7 15.Ne4 Be7
16.Be3 Qc6 17.Bd4 Rc8 18.c3 Qc4 19.Qg3 f6 20.exf6 Bxf6 21.Bxf6 Nxf6 22.Nd6 Ne4
23.Nxc4 Nxg3+ 24.hxg3 Rxc4 25.Rfe1 b4 26.cxb4 Rxb4 27.Re2 Rfb8 28.b3 a5 29.Rd1 R8b7
30.Red2 a4 31.Rxd7  1/2-1/2

[Event "34th Olympiad Women"]
[Site "Istanbul TUR"]
[Date "2000.11.08"]
[Round "11"]
[White "Sommer,S"]
[Black "Paehtz,E"]
[Result "0-1"]
[WhiteElo "2054"]
[BlackElo "2343"]

1.e4 c5 2.Nf3 e6 3.d4 cxd4 4.Nxd4 Nc6 5.Nc3 Qc7 6.Be3 a6 7.a3 Nf6 8.Be2 b5
9.Nxc6 dxc6 10.O-O Be7 11.Qd2 Bb7 12.Rfd1 Rd8 13.Qe1 Bd6 14.g3 c5 15.f3 O-O
16.Qf2 Be7 17.Bf1 Rc8 18.Rd2 Qc6 19.Bg2 Nd7 20.f4 Nb6 21.b3 Rfd8 22.Rad1 Rxd2
23.Rxd2 f6 24.g4 a5 25.Qg3 Qe8 26.e5 Bxg2 27.Qxg2 b4 28.Ne4 fxe5 29.fxe5 Nd5
30.Bg5 bxa3 31.Bxe7 a2 32.Qf1 Qxe7 33.Qa1 Qh4 34.c4 Qxg4+ 35.Ng3 Nb4 36.Rd6 Rf8
37.Rd1 Nc2  0-1

[Event "34th Olympiad Women"]
[Site "Istanbul TUR"]
[Date "2000.11.08"]
[Round "11"]
[White "Hernandez,Yu"]
[Black "Sziva,E"]
[Result "0-1"]
[WhiteElo "2322"]
[BlackElo "2311"]

1.e4 c5 2.Nf3 e6 3.d4 cxd4 4.Nxd4 Nc6 5.Nc3 Qc7 6.Be2 a6 7.Be3 Nf6 8.O-O Bb4
9.Na4 Be7 10.Nxc6 bxc6 11.Nb6 Rb8 12.Nxc8 Qxc8 13.Bd4 c5 14.Be5 Rb6 15.b3 Nxe4
16.Bxg7 Rg8 17.Be5 Bd6 18.Bxd6 Rxd6 19.Bd3 Qc6 20.Qf3 Nf6 21.Qxc6 Rxc6 22.Rae1 Ke7
23.f4 d6 24.Rf3 Rb6 25.h3 h5 26.g3 a5 27.Kg2 Rb4 28.c3 Rb6 29.c4 Rb4 30.Bc2 Ra8
31.Rd3 Rb6 32.Kf3 Rh8 33.Rdd1 Nd7 34.Ke3 f5 35.Kf3 Kf6 36.Rd2 Nb8 37.Rde2 Re8
38.g4 hxg4+ 39.hxg4 fxg4+ 40.Kxg4 Nc6 41.Rh2 Rg8+ 42.Kf3 Nd4+ 43.Ke4 Rg6
44.Re3 Rb8 45.Reh3 Rbg8 46.Rh6 Kf7 47.Rxg6 Rxg6 48.Bd1 Rg1 49.Bh5+ Kf6 50.Rf2 Re1+
51.Kd3 Kf5 52.Kd2 Re4 53.Kd3 Rxf4 54.Rxf4+ Kxf4 55.Bf7 e5 56.Bg6 Nc6 57.a3 e4+
58.Kc3 Kf3 59.Be8 Ne5 60.Bh5+ Kf2 61.b4 axb4+ 62.axb4 cxb4+ 63.Kxb4 e3 64.Bd1 e2
65.Bxe2 Kxe2 66.Kb5 Kd3 67.c5 d5 68.Kb6 Kc4  0-1

[Event "34th Olympiad Women"]
[Site "Istanbul TUR"]
[Date "2000.11.08"]
[Round "11"]
[White "Bazaj Bockai,S"]
[Black "Popova,N"]
[Result "0-1"]
[WhiteElo "2162"]
[BlackElo "2297"]

1.e4 c5 2.Nf3 e6 3.d4 cxd4 4.Nxd4 Nc6 5.Nc3 d6 6.Be2 Nf6 7.O-O Be7 8.f4 O-O
9.Be3 a6 10.Kh1 Bd7 11.a4 Qc7 12.Nb3 b6 13.Qe1 Nb4 14.Rc1 e5 15.Bf3 Bc6 16.Qg3 Rfe8
17.fxe5 dxe5 18.Nd4 Bd7 19.Bh6 Bf8 20.Bg5 Be7 21.Be2 Kh8 22.Nf5 Bxf5 23.Rxf5 Bd8
24.Rcf1 Qc6 25.Bd1 Qc4 26.h3 Rc8 27.Be2 Qc6 28.Rxe5 Bc7 29.Rxe8+ Rxe8 30.Qf3 Qd6
31.Bf4 Qxf4 32.Qxf4 Bxf4 33.Rxf4 Nxc2 34.Bxa6 Re5 35.Rf2 Nb4 36.Bb5 h6 37.Kh2 Kg8
38.Rd2 Nxe4 39.Rd8+ Kh7 40.Nxe4 Rxe4 41.Rd6 Re6 42.Rxe6 fxe6 43.Kg3 Kg6 44.Kf4 Kf6
45.Ke4 e5 46.Bc4 Nc2 47.Bd5 Nb4 48.Bb3 g6 49.Bc4 g5 50.g4 Nc2 51.Bd5 Nb4
52.Bb3 Ke7 53.Bc4 Kf6 54.b3 Nc2 55.Ba6 Ke6 56.Bc4+ Kf6 57.Kd3 Nb4+ 58.Kc3 Na2+
59.Kd2 Ke7 60.Kd3 Nb4+ 61.Ke4 Kf6 62.Bd5 Na6 63.Kd3 Ke7 64.Kc4 Kd6 65.Be4 Nc5
66.Bf5 Kc6 67.Bc2 Ne6 68.Be4+ Kc7 69.Kd5 Nf4+ 70.Kxe5 Nxh3 71.Kf6 Nf4 72.Bf3 Kd6
73.Kg7 Ke5 74.b4 Ne6+ 75.Kxh6 Nd4 76.a5 bxa5 77.bxa5 Kf6 78.a6 Nb5 79.Kh7 Na7
80.Kg8 Kg6 81.Kf8 Kf6 82.Be2 Nc6  0-1

[Event "Chigorin Mem"]
[Site "St Petersburg RUS"]
[Date "2000.11.08"]
[Round "7"]
[White "Farakhov,R"]
[Black "Beshukov,S"]
[Result "1-0"]
[WhiteElo "2288"]
[BlackElo "2428"]

1.e4 c5 2.Nf3 Nc6 3.Nc3 e6 4.d4 cxd4 5.Nxd4 Qc7 6.Be2 a6 7.O-O Nf6 8.Kh1 Nxd4
9.Qxd4 Bc5 10.Qd3 b5 11.f4 h5 12.e5 Ng4 13.Bf3 Bb7 14.Ne4 Be7 15.b3 Rc8 16.Nd6+ Bxd6
17.exd6 Qb6 18.Bxb7 Qxb7 19.Bb2 f6 20.h3 Nh6 21.Qg6+ Kf8 22.f5 e5 23.Bxe5 Rxc2
24.Bxf6 gxf6 25.Rae1 Nf7 26.Re7 Qd5 27.Rfe1 Rc8 28.Qxf6 Rg8 29.Re8+  1-0

[Event "Chigorin Mem"]
[Site "St Petersburg RUS"]
[Date "2000.11.08"]
[Round "7"]
[White "Zhelnin,V"]
[Black "Filippov,V"]
[Result "0-1"]
[WhiteElo "2462"]
[BlackElo "2593"]

1.e4 c5 2.Nc3 e6 3.Nf3 Nc6 4.d4 cxd4 5.Nxd4 Nf6 6.Bg5 Bb4 7.Nb5 a6 8.a3 axb5
9.axb4 Rxa1 10.Qxa1 Nxb4 11.Qd1 Qc7 12.Bxb5 Qe5 13.Bxf6 gxf6 14.O-O Rg8 15.f4 Qc5+
16.Kh1 b6 17.Qd2 Ke7 18.Ra1 Qd6 19.Qf2 Qc5 20.Qd2 Nc6 21.Rd1 h5 22.Qe1 Bb7
23.b4 Nxb4 24.Rxd7+ Kf8 25.Rxb7 Nxc2 26.Qd2 Nd4 27.Bf1 Nf3 28.Rb8+ Ke7 29.Rb7+ Kf8
30.Qd8+ Kg7 31.Qxb6 Qxc3 32.Qxe6 Rf8 33.Qh3 Qc6 34.Rb5 Nd2 35.Qg3+ Kh6 36.Qh4 Kg7
37.e5 f5 38.Qg5+ Qg6 39.Be2 Qxg5 40.fxg5 h4 41.Kg1 Kg6 42.Rd5 Ne4 43.Bd3 Kxg5
44.Rd7 Kf4 45.Re7 Ke3 46.Bf1 Ng5 47.Ra7 Kf4 48.Ra6 Rg8 49.Rh6 Ke3 50.Ra6 Nf3+
51.Kh1 Nxe5 52.Ra5 f6 53.Ra2 f4 54.Re2+ Kd4 55.Rd2+ Ke4 56.Re2+ Kf5 57.Rf2 Ra8
58.Be2 Ke4 59.Rf1 h3 60.Re1 Ra3 61.Bf3+ Kf5 62.Be4+ Kg5 63.Rf1 Ng4 64.Kg1 hxg2
65.Bxg2 Ne5 66.Bd5 f3 67.Rb1 Ng4 68.Be6 f5 69.h3 Ne5 70.Kf2 Nd3+ 71.Kg3 f4+
72.Kh2 Rc3 73.Bd5 Rc2+ 74.Kg1 Rg2+ 75.Kf1 Rh2 76.Kg1 Rxh3 77.Rb3 f2+ 78.Kf1 Re3
79.Rxd3 Rxd3 80.Be4 Rd2 81.Kg2 Kh4 82.Bb7 f1=Q+ 83.Kxf1 Kg3  0-1

[Event "Chigorin Mem"]
[Site "St Petersburg RUS"]
[Date "2000.11.08"]
[Round "7"]
[White "Najer,E"]
[Black "Ulko,J"]
[Result "1/2-1/2"]
[WhiteElo "2597"]
[BlackElo "2456"]

1.e4 c5 2.Nc3 e6 3.Nf3 Nc6 4.d4 cxd4 5.Nxd4 Qc7 6.Be2 a6 7.O-O Nf6 8.Be3 Bb4
9.Na4 O-O 10.Nxc6 bxc6 11.Nb6 Rb8 12.Nxc8 Rfxc8 13.Bxa6 Rf8 14.Bd3 Bd6 15.f4 e5
16.f5 Rxb2 17.g4 Qa5 18.Kh1 Bc5 19.Bxc5 Qxc5 20.g5 Ne8 21.a4 d5 22.f6  1/2-1/2